=LDR 00000nam 2200000 4500 =001 INLIS000000000012913 =005 20130612104404 =008 ***********************************Ind** =035 ##$$0010-061300000012913 =041 ##$$a Ind =082 ##$$a 574.36 =090 ##$$a 574.36, Bun e =100 ##$$a Bungin, Burhan =245 ##$$a Etika Media massa, Burhan Bungin =260 ##$$a 2001 $b Surakarta =300 ##$$a ix, 147 hlm, 21 cm =650 ##$$a Seks =850 ##$$a NBPNMAT